| 000 | 00571nam a2200193 i 4500 | ||
|---|---|---|---|
| 001 | 52691 | ||
| 003 | ES-MaACL | ||
| 005 | 20230906162628.0 | ||
| 007 | t| | ||
| 008 | 030902s1977 sp ||||1| spa d | ||
| 100 | 1 |
_aBartolomeo, Marcello de. _926179 |
|
| 245 | 1 | 0 |
_aMarx y las clases protagonistas / _cMarcello de Bartolomeo ; [traducción de Juan Moreno]. |
| 250 | _a[1ª ed.]. | ||
| 260 |
_a[Barcelona] : _bPlaza & Janés, _c[1977] |
||
| 300 |
_a234 p. ; _c20 cm. |
||
| 700 | 1 |
_aMoreno, Juan. _9182367 |
|
| 852 |
_aES-MaACL _jA-7378 _bR.96292 |
||
| 999 |
_c52691 _d52691 |
||